Zgody i Kosy - Legia Warszawa #1 - Statystyki

Ogólne statystyki
  • Ten quiz został rozwiązany 1 003 razy
  • Średni wynik to 10 z 15
Statystyki odpowiedzi
Odpowiedź % Poprawnych
Lech Poznań
95%
Zagłębie Sosnowiec
80%
Radomiak Radom
79%
Cracovia
73%
Widzew Łódź
73%
Arka Gdynia
72%
Polonia Warszawa
68%
ŁKS Łódź
61%
Olimpia Elbląg
60%
Śląsk Wrocław
60%
Ruch Chorzów
58%
Górnik Zabrze
55%
Jagiellonia Białystok
53%
ADO Den Haag
38%
GKS Katowice
31%
Nie znaleziono quizów pasujących do podanych kryteriów
Rozkład punktacji
Procent ludzi z każdym wynikiem
Percentyl według liczby udzielonych odpowiedzi
Twoja historia wyników
Nie rozwiązałeś tego quizu